Responsible Protestantism; (Record no. 1880)

MARC details
000 -LEADER
fixed length control field 00748cam a22002531 4500
001 - CONTROL NUMBER
control field 9342174
003 - CONTROL NUMBER IDENTIFIER
control field GBCCL
005 - DATE AND TIME OF LATEST TRANSACTION
control field 20241126110411.0
008 - FIXED-LENGTH DATA ELEMENTS--GENERAL INFORMATION
fixed length control field 770822s1957 miu 000 0 eng
010 ## -
-- 57006670
035 ## - SYSTEM CONTROL NUMBER
System control number (OCoLC)3208703
040 ## - CATALOGING SOURCE
Original cataloging agency DLC
Transcribing agency MiGrC
Modifying agency DLC
042 ## -
-- premarc
050 00 -
-- BX9410
-- .D4
082 ## - DEWEY DECIMAL CLASSIFICATION NUMBER
Classification number 261.8
Item number BOE
100 1# - MAIN ENTRY--PERSONAL NAME
Personal name De Boer, Cecil.
9 (RLIN) 3926
245 10 - TITLE STATEMENT
Title Responsible Protestantism;
Remainder of title essays on the Christian's role in a secular society.
260 ## - PUBLICATION, DISTRIBUTION, ETC.
Place of publication, distribution, etc. Grand Rapids,
Name of publisher, distributor, etc. Eerdmans
Date of publication, distribution, etc. [1957]
300 ## - PHYSICAL DESCRIPTION
Extent 247 p.
Dimensions 23 cm.
650 #0 - SUBJECT ADDED ENTRY--TOPICAL TERM
Topical term or geographic name entry element Reformed Church.
9 (RLIN) 2526
650 #0 - SUBJECT ADDED ENTRY--TOPICAL TERM
Topical term or geographic name entry element Church and social problems
General subdivision Reformed Church.
9 (RLIN) 3927
906 ## - LOCAL DATA ELEMENT F, LDF (RLIN)
a 7
b cbc
c oclcrpl
d u
e ncip
f 19
g y-gencatlg
942 ## - ADDED ENTRY ELEMENTS (KOHA)
Source of classification or shelving scheme Dewey Decimal Classification
Koha item type Books
Koha issues (borrowed), all copies 1
Holdings
Withdrawn status Lost status Source of classification or shelving scheme Damaged status Not for loan Home library Current Library Shelving location Date acquired Total checkouts Full call number Barcode Date last seen Date last checked out Copy number Price effective from Koha item type
    Dewey Decimal Classification     GRACE BIBLE COLLEGE GRACE BIBLE COLLEGE Ministry & Mission 2017-05-31 1 261.8 BOE 001965 2025-05-01 2022-04-22 c.1 2017-05-31 Books
© Grace Bible College Library 2025